000 00784nam a22001577a 4500
003 OSt
005 20150921163448.0
008 150921b xxu||||| |||| 00| 0 eng d
040 _cRUA
082 _aAGR EM 2009 BO43 Or.1
100 _91041
_aME, SOTHEARY
245 _aEFFECT OF ORGANIC FERTILIZER ON GARLAND CHRYSANTHEMUM CULTIVATED UNDER SHADE NET AT ROYAL UNIVERSITY OF AGRICULTURE ឥទ្ធិពលជីសរីរាង្គលើដំណាំតាំងអោរក្រោមម្លប់សំណាញ់ខៀវ នៅស្ហានីយ៍ពិសោធន៍ដំណាំនៃសាកលវិទ្យាល័យភូមិន្ធកសិកម្ម.
260 _aPHNOM PHEN
_bRUA
_c2009
300 _aXIII,53P
_bILL.
_c29CMM.
942 _2ddc
_cAGR
999 _c1000
_d1000